[Event "DSM WK M 2009"]
[Site "Karlsruhe GER"]
[Date "2009.05.17"]
[Round "6"]
[White "Kinzel, Tiffany"]
[Black "Klinger, Jacquelin"]
[Result "1-0"]
[Termination "normal"]
[Board "1.1"]
[WhiteElo "1765"]
[BlackElo "1329"]
[WhiteTeam "Staatliches Gymnasium Arnstadt"]
[BlackTeam "Märkische Schule Wattenscheid"]
[PlyCount "57"]
[WhiteFideId "4633741"]
[EventCountry "GER"]
[EventRounds "7"]
[EventType "team-swiss"]
[EventDate "2009.05.15"]

1. Nc3 c5 2. e4 Nc6 3. f4 e6 4. Nf3 d5 5. d3 Nge7 6. g3 g6 7. Bg2 Bg7 8. O-O
O-O 9. e5 b6 10. Nb5 a6 11. Nd6 Nf5 12. Nxc8 Rxc8 13. g4 Nh4 14. Nxh4 Qxh4 15.
c3 f6 16. exf6 Bxf6 17. g5 Bg7 18. Bd2 h5 19. h3 Qg3 20. Rf3 Qxf3 21. Bxf3 Rce8
22. Qc2 Ne7 23. Bg2 Nf5 24. Re1 Re7 25. Qa4 b5 26. Qxa6 e5 27. Qxg6 exf4 28.
Bxd5+ Kh8 29. Qxh5+ 1-0

[Event "DSM WK M 2009"]
[Site "Karlsruhe GER"]
[Date "2009.05.17"]
[Round "6"]
[White "Rohm, Marlena"]
[Black "Jünger, Theresa"]
[Result "1/2-1/2"]
[Termination "normal"]
[Board "1.2"]
[WhiteElo "1466"]
[BlackElo "1422"]
[WhiteTeam "Märkische Schule Wattenscheid"]
[BlackTeam "Staatliches Gymnasium Arnstadt"]
[PlyCount "79"]
[WhiteFideId "12931632"]
[EventCountry "GER"]
[EventRounds "7"]
[EventType "team-swiss"]
[EventDate "2009.05.15"]

1. d4 Nf6 2. c4 g6 3. Bg5 Bg7 4. Nc3 d6 5. Nf3 Nbd7 6. g3 c5 7. e3 a6 8. Bg2
Rb8 9. Qe2 Qc7 10. a4 b6 11. O-O Bb7 12. Rfd1 O-O 13. Rab1 Rbc8 14. d5 Rfe8 15.
e4 e6 16. Qd3 e5 17. b4 cxb4 18. Rxb4 Qc5 19. Rdb1 a5 20. Rb5 Qxc4 21. Qxc4
Rxc4 22. Bxf6 Bxf6 23. Rc1 Rec8 24. Bh3 Rxc3 25. Rxc3 Rxc3 26. Bxd7 Ba6 27. Rb1
Rxf3 28. Rxb6 Bc4 29. Rxd6 Be7 30. Rc6 Bb3 31. d6 Bf8 32. Ra6 Rd3 33. Rxa5 Rxd6
34. Bb5 Rd4 35. Bc6 Bb4 36. Ra8+ Kg7 37. a5 Bd1 38. Kg2 Bc2 39. a6 Rd2 40. a7 {
Rest nicht rekonstrierbar.} 1/2-1/2

[Event "DSM WK M 2009"]
[Site "Karlsruhe GER"]
[Date "2009.05.17"]
[Round "6"]
[White "Schätz, Bianca"]
[Black "Berger, Melanie"]
[Result "1-0"]
[Termination "normal"]
[Board "1.3"]
[WhiteElo "1458"]
[BlackElo "1395"]
[WhiteTeam "Staatliches Gymnasium Arnstadt"]
[BlackTeam "Märkische Schule Wattenscheid"]
[PlyCount "55"]
[WhiteFideId "24655821"]
[EventCountry "GER"]
[EventRounds "7"]
[EventType "team-swiss"]
[EventDate "2009.05.15"]

1. e4 e5 2. Nf3 Nc6 3. Bc4 Nf6 4. d4 exd4 5. O-O d5 6. exd5 Nxd5 7. Nxd4 Na5 8.
Qe1+ Be7 9. Qxa5 Nb6 10. Bb5+ Bd7 11. Bxd7+ Qxd7 12. Qb5 c6 13. Qd3 O-O 14. Nc3
Rad8 15. Be3 Bf6 16. Rad1 Qc7 17. Qe2 Rfe8 18. Qg4 Qd7 19. Qxd7 Nxd7 20. Nf5 b6
21. Nd6 Re7 22. Nde4 Be5 23. Rd2 Ree8 24. Rfd1 Re7 25. Ng3 Bxg3 26. hxg3 Kf8
27. Bf4 Ke8 28. Bd6 1-0

[Event "DSM WK M 2009"]
[Site "Karlsruhe GER"]
[Date "2009.05.17"]
[Round "6"]
[White "Müller, Laura Margarita"]
[Black "Gregorzewski, Marie Sophie"]
[Result "1-0"]
[Termination "normal"]
[Board "1.4"]
[WhiteElo "1432"]
[BlackElo "1126"]
[WhiteTeam "Märkische Schule Wattenscheid"]
[BlackTeam "Staatliches Gymnasium Arnstadt"]
[PlyCount "39"]
[WhiteFideId "12917923"]
[EventCountry "GER"]
[EventRounds "7"]
[EventType "team-swiss"]
[EventDate "2009.05.15"]

1. d4 d5 2. c4 dxc4 3. e3 Bf5 4. Bxc4 Nf6 5. Qb3 b6 6. Bxf7+ Kd7 7. Qb5+ c6 8.
Qxf5+ Kc7 9. Qe5+ Kb7 10. Be6 g6 11. Nc3 Bh6 12. Bd2 Na6 13. Nf3 Nb4 14. O-O
Rf8 15. Qg3 Rb8 16. Ne5 Bg7 17. Rac1 Nh5 18. Qg4 Qd6 19. Ne4 Qc7 20. Bxb4 1-0

[Event "DSM WK M 2009"]
[Site "Karlsruhe GER"]
[Date "2009.05.17"]
[Round "6"]
[White "Berger, Nadja"]
[Black "Raab, Helen"]
[Result "0-1"]
[Termination "normal"]
[Board "2.1"]
[WhiteElo "1579"]
[BlackElo "1587"]
[WhiteTeam "Friedrich-Dessauer-Gymnasium Aschaffenburg"]
[BlackTeam "Otto-Schott-Gymnasium Mainz-Gonsenheim"]
[PlyCount "75"]
[WhiteFideId "24692212"]
[BlackFideId "24653608"]
[EventCountry "GER"]
[EventRounds "7"]
[EventType "team-swiss"]
[EventDate "2009.05.15"]

1. e4 e6 2. d4 d5 3. exd5 exd5 4. Bd3 Bd6 5. Nf3 Bg4 6. O-O Nc6 7. c3 Qd7 8. h3
Bh5 9. Nbd2 Nge7 10. Kh1 Bg6 11. Bb5 O-O-O 12. Re1 f6 13. Qb3 Bf7 14. a4 g5 15.
Nh2 h5 16. Ndf1 Rdg8 17. Bxc6 Nxc6 18. Ng3 h4 19. Ngf1 f5 20. Qc2 g4 21. Qd3
Be6 22. b4 f4 23. Qe2 Nd8 24. Nxg4 Bxg4 25. hxg4 Rxg4 26. Qf3 h3 27. g3 fxg3
28. Nxg3 Rf8 29. Qe3 Qg7 30. Rg1 Qg6 31. Ra2 Qe8 32. Qh6 h2 33. Qxh2 Nf7 34.
Kg2 Rh8 35. Qxh8 Nxh8 36. Rh1 Qe4+ 37. Kg1 Ng6 38. Re2 0-1

[Event "DSM WK M 2009"]
[Site "Karlsruhe GER"]
[Date "2009.05.17"]
[Round "6"]
[White "Efinger, Leila"]
[Black "Stolcz, Bianca"]
[Result "0-1"]
[Termination "normal"]
[Board "2.2"]
[WhiteElo "956"]
[BlackElo "1435"]
[WhiteTeam "Otto-Schott-Gymnasium Mainz-Gonsenheim"]
[BlackTeam "Friedrich-Dessauer-Gymnasium Aschaffenburg"]
[PlyCount "52"]
[WhiteFideId "12931705"]
[BlackFideId "24654914"]
[EventCountry "GER"]
[EventRounds "7"]
[EventType "team-swiss"]
[EventDate "2009.05.15"]

1. d4 Nf6 2. Bf4 c5 3. dxc5 e6 4. e3 Bxc5 5. Bd3 Nc6 6. c3 a6 7. Nf3 d5 8. Nbd2
b5 9. O-O O-O 10. Qc2 Bd6 11. Bxd6 Qxd6 12. Ng5 h6 13. Nh7 Nxh7 14. Bxh7+ Kh8
15. Rad1 Ne5 16. h3 g6 17. Bxg6 Nxg6 18. e4 Bb7 19. Rfe1 Rg8 20. Re2 Nf4 21. g3
Nxe2+ 22. Kf1 Nxg3+ 23. fxg3 Qxg3 24. Nb3 Qg1+ 25. Ke2 Rg2+ 26. Kd3 dxe4# 0-1

[Event "DSM WK M 2009"]
[Site "Karlsruhe GER"]
[Date "2009.05.17"]
[Round "6"]
[White "Künstler, Tabea"]
[Black "Beck, Clara"]
[Result "1-0"]
[Termination "normal"]
[Board "2.3"]
[WhiteElo "1106"]
[BlackElo "758"]
[WhiteTeam "Friedrich-Dessauer-Gymnasium Aschaffenburg"]
[BlackTeam "Otto-Schott-Gymnasium Mainz-Gonsenheim"]
[PlyCount "87"]
[EventCountry "GER"]
[EventRounds "7"]
[EventType "team-swiss"]
[EventDate "2009.05.15"]

1. e4 e5 2. Nf3 Nc6 3. d4 exd4 4. Nxd4 Nf6 5. Nxc6 bxc6 6. Nc3 Bb4 7. Bg5 Be7
8. Bc4 d5 9. exd5 cxd5 10. Nxd5 Nxd5 11. Bxe7 Qxe7+ 12. Qe2 Qxe2+ 13. Bxe2 O-O
14. O-O Nf4 15. Bf3 Rb8 16. b3 Re8 17. Rfd1 Bb7 18. Bxb7 Rxb7 19. Rd2 g6 20. g3
Ne2+ 21. Kf1 Nc3 22. a4 Rb6 23. Re1 Rbe6 24. Rxe6 Rxe6 25. Rd3 Ne4 26. Re3 Nc5
27. Rxe6 Nxe6 28. Ke2 Nd4+ 29. Kd3 Nf3 30. h4 h5 31. Ke4 g5 32. Kxf3 f6 33. Ke4
Kf7 34. Kf5 Ke7 35. hxg5 fxg5 36. Kxg5 Kd6 37. f4 Ke7 38. Kxh5 Kf7 39. f5 c6
40. g4 a6 41. g5 Kg7 42. g6 a5 43. Kg5 Kg8 44. Kf6 1-0

[Event "DSM WK M 2009"]
[Site "Karlsruhe GER"]
[Date "2009.05.17"]
[Round "6"]
[White "Woider, Stella"]
[Black "Schwind, Clara"]
[Result "1-0"]
[Termination "normal"]
[Board "2.4"]
[WhiteElo "762"]
[BlackElo "1018"]
[WhiteTeam "Otto-Schott-Gymnasium Mainz-Gonsenheim"]
[BlackTeam "Friedrich-Dessauer-Gymnasium Aschaffenburg"]
[PlyCount "63"]
[BlackFideId "12964581"]
[EventCountry "GER"]
[EventRounds "7"]
[EventType "team-swiss"]
[EventDate "2009.05.15"]

1. e4 c5 2. Nf3 Nc6 3. Bc4 g6 4. d3 Bg7 5. Bf4 d6 6. h3 Nf6 7. Nc3 O-O 8. O-O
e5 9. Bg5 Qd7 10. Nd5 Nxd5 11. Bxd5 b6 12. Qd2 Bb7 13. a3 Nd4 14. Nxd4 Bxd5 15.
exd5 exd4 16. Rae1 Qf5 17. c4 b5 18. Be7 Rfe8 19. Bxd6 bxc4 20. dxc4 Bf8 21.
Bxf8 Kxf8 22. b4 Qc8 23. Re2 Qc7 24. f4 Re7 25. f5 Rxe2 26. Qxe2 Re8 27. Qd2
Qe7 28. f6 Qe3+ 29. Qf2 Qxa3 30. Qh4 Qe3+ 31. Kh1 d3 32. Qxh7 1-0

[Event "DSM WK M 2009"]
[Site "Karlsruhe GER"]
[Date "2009.05.17"]
[Round "6"]
[White "Rolfs, Rebecca"]
[Black "Moyrer, Maren"]
[Result "1-0"]
[Termination "normal"]
[Board "3.1"]
[WhiteElo "1107"]
[BlackElo "984"]
[WhiteTeam "Matthias-Claudius-Gymnasium Hamburg"]
[BlackTeam "Schönborn-Gymnasium Bruchsal"]
[PlyCount "75"]
[WhiteFideId "24658219"]
[EventCountry "GER"]
[EventRounds "7"]
[EventType "team-swiss"]
[EventDate "2009.05.15"]

1. e4 e5 2. Nf3 Nc6 3. Bc4 Nf6 4. Nc3 Bc5 5. d3 O-O 6. Bg5 h6 7. Bh4 Be7 8. O-O
d6 9. h3 Nd7 10. Bg3 Nc5 11. a3 Be6 12. Ba2 Bxa2 13. Nxa2 Bf6 14. Nh2 Qe7 15.
Nc3 Rad8 16. Nd5 Qe6 17. Nxc7 Qc8 18. Nd5 Be7 19. b4 Ne6 20. b5 Qd7 21. bxc6
bxc6 22. Nxe7+ Qxe7 23. f4 Nc7 24. fxe5 dxe5 25. Qh5 f6 26. Qg6 Rd6 27. Rf5 Rf7
28. Ng4 Ne8 29. Nxh6+ Kf8 30. Nxf7 Qxf7 31. Qxf7+ Kxf7 32. Bxe5 Re6 33. Bd4 Nd6
34. Ra5 Nc8 35. Bxa7 Nxa7 36. Rxa7+ Kf8 37. Rb1 Re8 38. Rbb7 1-0

[Event "DSM WK M 2009"]
[Site "Karlsruhe GER"]
[Date "2009.05.17"]
[Round "6"]
[White "Brambach, Selina"]
[Black "Thiebach, Janina"]
[Result "1-0"]
[Termination "normal"]
[Board "3.2"]
[WhiteElo "967"]
[BlackElo "800"]
[WhiteTeam "Schönborn-Gymnasium Bruchsal"]
[BlackTeam "Matthias-Claudius-Gymnasium Hamburg"]
[PlyCount "65"]
[BlackFideId "12909360"]
[EventCountry "GER"]
[EventRounds "7"]
[EventType "team-swiss"]
[EventDate "2009.05.15"]

1. e4 e5 2. Nf3 Nc6 3. d4 d6 4. d5 Nce7 5. Nc3 Nf6 6. Be2 c6 7. dxc6 Nxc6 8.
Bc4 Be7 9. O-O O-O 10. Qd3 Be6 11. Bxe6 fxe6 12. Ng5 h6 13. Nxe6 Nb4 14. Qg3 g5
15. Nxd8 Raxd8 16. h4 g4 17. Bxh6 Rf7 18. f3 d5 19. Qxe5 Nd7 20. Qg3 Nf6 21.
Rad1 d4 22. Ne2 Nxc2 23. e5 d3 24. Nc3 Ne3 25. Bxe3 Rg7 26. exf6 Bxf6 27. fxg4
Rgd7 28. Rxf6 Kg7 29. Qe5 Kg8 30. Qg5+ Rg7 31. Rg6 Kf7 32. Rxg7+ Kf8 33. Qe7#
1-0

[Event "DSM WK M 2009"]
[Site "Karlsruhe GER"]
[Date "2009.05.17"]
[Round "6"]
[White "Kiemele, Nicole"]
[Black "Bürger, Nicoletta"]
[Result "0-1"]
[Termination "normal"]
[Board "3.3"]
[WhiteElo "796"]
[BlackElo "984"]
[WhiteTeam "Matthias-Claudius-Gymnasium Hamburg"]
[BlackTeam "Schönborn-Gymnasium Bruchsal"]
[PlyCount "112"]
[EventCountry "GER"]
[EventRounds "7"]
[EventType "team-swiss"]
[EventDate "2009.05.15"]

1. e4 e6 2. Nc3 d5 3. exd5 exd5 4. d4 Nf6 5. Bf4 Nc6 6. Nf3 Bd6 7. Bg3 Bg4 8.
h3 Bh5 9. Qd2 O-O 10. Bd3 Re8+ 11. Ne2 Bxf3 12. O-O Bxe2 13. Bxe2 Ne4 14. Qd3
Nxg3 15. fxg3 Qg5 16. g4 Re4 17. Qf3 f6 18. Bd3 Rxd4 19. Rae1 Ne5 20. Qf2 Nxd3
21. cxd3 Rxd3 22. Re6 Kf7 23. Rfe1 b6 24. Qe2 Bc5+ 25. Kh1 Re3 26. Rxe3 Bxe3
27. Qxe3 Qxe3 28. Rxe3 Rd8 29. Rc3 c5 30. Kg1 d4 31. Rc1 Ke6 32. Re1+ Kd5 33.
Kf2 Rd6 34. Rd1 Re6 35. b3 a5 36. a4 Kc6 37. Rd3 b5 38. axb5+ Kxb5 39. h4 a4
40. bxa4+ Kxa4 41. g5 Re3 42. Rxe3 dxe3+ 43. Kxe3 Kb3 44. gxf6 gxf6 45. g4 c4
46. g5 fxg5 47. hxg5 c3 48. Ke4 c2 49. Kf5 c1=Q 50. Kf6 Qc7 51. g6 hxg6 52.
Kxg6 Qf4 53. Kg7 Kc4 54. Kg6 Kd5 55. Kg7 Ke6 56. Kh8 Qg5 0-1

[Event "DSM WK M 2009"]
[Site "Karlsruhe GER"]
[Date "2009.05.17"]
[Round "6"]
[White "Bischoff, Marlene"]
[Black "Hölzer, Jeanette"]
[Result "1/2-1/2"]
[Termination "normal"]
[Board "3.4"]
[WhiteElo "966"]
[BlackElo "800"]
[WhiteTeam "Schönborn-Gymnasium Bruchsal"]
[BlackTeam "Matthias-Claudius-Gymnasium Hamburg"]
[PlyCount "130"]
[BlackFideId "12917982"]
[EventCountry "GER"]
[EventRounds "7"]
[EventType "team-swiss"]
[EventDate "2009.05.15"]

1. e4 e5 2. Nf3 Nc6 3. d4 d6 4. dxe5 dxe5 5. Qxd8+ Kxd8 6. Nc3 Bb4 7. Bd2 Nf6
8. a3 Bxc3 9. Bxc3 Re8 10. O-O-O+ Bd7 11. Bd3 Ng4 12. Rdf1 g6 13. Ng5 Re7 14.
Bc4 Be6 15. Nxe6+ fxe6 16. f3 Nf6 17. Rd1+ Nd7 18. Bb5 Rb8 19. Bxc6 bxc6 20.
Bxe5 Kc8 21. Bf4 e5 22. Bg5 Re6 23. Rd3 Rd6 24. Rhd1 Rxd3 25. Rxd3 Nc5 26. Rd8+
Kb7 27. Rxb8+ Kxb8 28. Be3 Na4 29. b3 Nc3 30. Kb2 Nd1+ 31. Kc1 Nxe3 32. g4 h5
33. h3 a5 34. Kd2 Nf1+ 35. Ke2 Ng3+ 36. Kf2 Nh1+ 37. Kg2 hxg4 38. Kxh1 gxf3 39.
Kg1 Kb7 40. Kf2 Kb6 41. Kxf3 Kb5 42. c4+ Kc5 43. Kg4 Kd4 44. Kf3 Kd3 45. c5 Kd4
46. h4 Kxc5 47. Kg4 Kd4 48. Kg5 Kxe4 49. Kxg6 Kd4 50. h5 e4 51. h6 Kd3 52. h7
e3 53. h8=Q e2 54. Qd8+ Ke4 55. Qe8+ Kd3 56. Qxc6 e1=Q 57. Qc4+ Kd2 58. Qxc7
Qe6+ 59. Kg5 Ke3 60. Qc3+ Ke4 61. Qe1+ Kd5 62. Qxe6+ Kxe6 63. b4 axb4 64. axb4
Kd6 65. b5 Kc5 1/2-1/2

[Event "DSM WK M 2009"]
[Site "Karlsruhe GER"]
[Date "2009.05.17"]
[Round "6"]
[White "Kohm, Vanessa"]
[Black "Heinemann, Josefine"]
[Result "1-0"]
[Termination "normal"]
[Board "4.1"]
[WhiteElo "1732"]
[BlackElo "1120"]
[WhiteTeam "Gymnasium Kenzingen"]
[BlackTeam "Werner-von-Siemens-Gymnasium Magdeburg"]
[PlyCount "93"]
[WhiteFideId "4674472"]
[BlackFideId "12900460"]
[EventCountry "GER"]
[EventRounds "7"]
[EventType "team-swiss"]
[EventDate "2009.05.15"]

1. d4 d5 2. c4 e6 3. Nf3 Nf6 4. Nc3 c5 5. cxd5 exd5 6. Bg5 cxd4 7. Nxd4 Bb4 8.
Qa4+ Nc6 9. Nxc6 Bxc3+ 10. bxc3 bxc6 11. Qxc6+ Bd7 12. Qa6 O-O 13. Bxf6 Qxf6
14. Qxf6 gxf6 15. e3 Rac8 16. Rc1 Rc5 17. Bd3 Ra5 18. Rc2 Rc8 19. Kd2 Ba4 20.
Rb2 Kg7 21. Rhb1 Rac5 22. Rb4 Be8 23. R1b3 a5 24. Rh4 h6 25. Rg4+ Kf8 26. Ba6
R8c7 27. Kd3 Bd7 28. Rh4 Bf5+ 29. Kd2 Kg7 30. Rd4 Be6 31. Ra3 Kg6 32. Rda4 Kf5
33. Rxa5 Rxa5 34. Rxa5 Ke5 35. Bb5 Rc8 36. Ba4 Rb8 37. Bb3 Rg8 38. g3 Ke4 39.
Ra4+ Kf3 40. Rf4+ Kg2 41. h4 Rd8 42. Rxf6 h5 43. Bd1 Rd7 44. Bxh5 Ra7 45. Kd3
Rxa2 46. Bxf7 Bg4 47. Bxd5+ 1-0

[Event "DSM WK M 2009"]
[Site "Karlsruhe GER"]
[Date "2009.05.17"]
[Round "6"]
[White "Peschos, Celine"]
[Black "Hüglin, Larissa"]
[Result "0-1"]
[Termination "normal"]
[Board "4.2"]
[WhiteElo "981"]
[BlackElo "1135"]
[WhiteTeam "Werner-von-Siemens-Gymnasium Magdeburg"]
[BlackTeam "Gymnasium Kenzingen"]
[PlyCount "56"]
[BlackFideId "12911933"]
[EventCountry "GER"]
[EventRounds "7"]
[EventType "team-swiss"]
[EventDate "2009.05.15"]

1. e4 e5 2. Nf3 Nc6 3. d4 exd4 4. Nxd4 Bc5 5. Be3 Qf6 6. c3 Qe5 7. Nxc6 dxc6 8.
Bxc5 Qxc5 9. Nd2 Nf6 10. Nb3 Qe5 11. f3 Be6 12. Be2 Nh5 13. O-O Qg5 14. f4 Nxf4
15. Bf3 Bh3 16. Rf2 O-O 17. Kf1 Rad8 18. Qc2 Be6 19. Rd2 Qh6 20. h3 Qg5 21.
Rad1 Bc4+ 22. Kg1 Rxd2 23. Qxd2 Be2 24. Re1 Bxf3 25. g4 Nxh3+ 26. Kh2 Qxg4 27.
Qd4 Ng5 28. Rg1 Qh3# 0-1

[Event "DSM WK M 2009"]
[Site "Karlsruhe GER"]
[Date "2009.05.17"]
[Round "6"]
[White "Schulze, Tabea"]
[Black "Zander, Carolin"]
[Result "1-0"]
[Termination "normal"]
[Board "4.3"]
[WhiteElo "1036"]
[BlackElo "800"]
[WhiteTeam "Gymnasium Kenzingen"]
[BlackTeam "Werner-von-Siemens-Gymnasium Magdeburg"]
[PlyCount "79"]
[EventCountry "GER"]
[EventRounds "7"]
[EventType "team-swiss"]
[EventDate "2009.05.15"]

1. e4 e5 2. Nf3 Nf6 3. Nc3 Nc6 4. Bc4 Bb4 5. d3 d6 6. h3 Bxc3+ 7. bxc3 O-O 8.
O-O d5 9. exd5 Nxd5 10. Re1 Re8 11. Rb1 Nf6 12. Ng5 Na5 13. Nxf7 Qe7 14. Nd6+
Kf8 15. Nxe8 Kxe8 16. Bb3 Nc6 17. Ba4 a6 18. Bf4 b5 19. Qf3 Bb7 20. d4 Nd7 21.
Bb3 Qf6 22. Bd5 h6 23. dxe5 Ndxe5 24. Bxe5 Nxe5 25. Qxf6 gxf6 26. Bxb7 Rb8 27.
Bxa6 c6 28. a4 Rb6 29. axb5 c5 30. f4 Kd7 31. fxe5 fxe5 32. Rxe5 Kc7 33. Rxc5+
Kd6 34. Rc6+ Ke7 35. Rxb6 Kd7 36. Rf1 Kc7 37. Rc6+ Kd7 38. Rf7+ Ke8 39. Rcc7
Kd8 40. Rc8# 1-0

[Event "DSM WK M 2009"]
[Site "Karlsruhe GER"]
[Date "2009.05.17"]
[Round "6"]
[White "Walther, Laura"]
[Black "Zimmermann, Lara"]
[Result "0-1"]
[Termination "normal"]
[Board "4.4"]
[WhiteElo "800"]
[BlackElo "1006"]
[WhiteTeam "Werner-von-Siemens-Gymnasium Magdeburg"]
[BlackTeam "Gymnasium Kenzingen"]
[PlyCount "80"]
[EventCountry "GER"]
[EventRounds "7"]
[EventType "team-swiss"]
[EventDate "2009.05.15"]

1. e4 e5 2. Nf3 Nc6 3. Nc3 Bc5 4. Bc4 Nf6 5. d3 d6 6. h3 h6 7. Bd2 O-O 8. O-O
a6 9. Nd5 b5 10. Bb3 Bd7 11. Nxf6+ Qxf6 12. c3 Qg6 13. Nh4 Qg3 14. Be3 Qxh4 15.
Qf3 Rae8 16. Rae1 Be6 17. c4 b4 18. g3 Bxh3 19. Bd1 Qd8 20. Qh5 Bxf1 21. Rxf1
Re6 22. Bg4 Rf6 23. Qh3 Nd4 24. Bd1 Nf3+ 25. Bxf3 Rxf3 26. Qg2 Rf6 27. a3 bxa3
28. bxa3 Rg6 29. a4 h5 30. Qh3 h4 31. Qg2 Qd7 32. f3 Bxe3+ 33. Rf2 Bxf2+ 34.
Qxf2 Qh3 35. g4 Rb8 36. Qe1 Rf6 37. f4 Rxf4 38. g5 Rb2 39. Qf2 Rfxf2 40. a5
Qh2# 0-1

[Event "DSM WK M 2009"]
[Site "Karlsruhe GER"]
[Date "2009.05.17"]
[Round "6"]
[White "Franzenburg, Maria"]
[Black "Kickert, Germaine Helene"]
[Result "0-1"]
[Termination "normal"]
[Board "5.1"]
[WhiteElo "1668"]
[BlackElo "1926"]
[WhiteTeam "Max-Planck-Schule Kiel"]
[BlackTeam "Mariengymnasium Jever"]
[PlyCount "126"]
[WhiteFideId "24667102"]
[BlackFideId "24614890"]
[EventCountry "GER"]
[EventRounds "7"]
[EventType "team-swiss"]
[EventDate "2009.05.15"]

1. e4 c5 2. Nc3 Nc6 3. f4 g6 4. g3 Bg7 5. Bg2 e6 6. Nf3 Nge7 7. O-O O-O 8. d3
Rb8 9. a3 b5 10. Ne2 d5 11. c3 Qb6 12. Kh1 Rd8 13. e5 d4 14. cxd4 cxd4 15. g4
b4 16. Nd2 Nd5 17. Bxd5 Rxd5 18. Nc4 Qc5 19. axb4 Nxb4 20. b3 Qc6 21. Kg1 Bb7
22. Kf2 Rc8 23. Ba3 Bf8 24. Ng3 Rxe5 25. Ne4 Nxd3+ 26. Qxd3 Rxe4 27. Kg3 Bxa3
28. Rxa3 Qc5 29. Ra5 Re3+ 30. Nxe3 Qxa5 31. Qxd4 Rd8 32. Qe5 Qxe5 33. fxe5 Rd3
34. Re1 Rxb3 35. Kf4 Rb4+ 36. Kg3 a5 37. g5 a4 38. Ng4 Kg7 39. Nf6 h6 40. Rd1
hxg5 41. Rd8 g4 42. Rg8+ Kh6 43. Rh8+ Kg7 44. Rg8+ Kh6 45. Nxg4+ Kg5 46. h4+
Kf5 47. Nh6+ Kxe5 48. Nxf7+ Kf6 49. Ng5 a3 50. Rf8+ Ke7 51. Rf7+ Kd6 52. Rf1 a2
53. Ra1 Bd5 54. Nf7+ Ke7 55. Ne5 Rb1 56. Nxg6+ Kf6 57. Nf4 Rxa1 58. Nh5+ Kf7
59. Nf4 Rf1 60. Nxd5 exd5 61. Kg4 a1=Q 62. Kg3 Qg7+ 63. Kh3 Rh1# 0-1

[Event "DSM WK M 2009"]
[Site "Karlsruhe GER"]
[Date "2009.05.17"]
[Round "6"]
[White "Siewert, Jessica"]
[Black "Knof, Henrike"]
[Result "0-1"]
[Termination "normal"]
[Board "5.2"]
[WhiteElo "905"]
[BlackElo "1362"]
[WhiteTeam "Mariengymnasium Jever"]
[BlackTeam "Max-Planck-Schule Kiel"]
[PlyCount "64"]
[EventCountry "GER"]
[EventRounds "7"]
[EventType "team-swiss"]
[EventDate "2009.05.15"]

1. e4 e5 2. Nf3 Nc6 3. Bc4 Nf6 4. Ng5 d5 5. exd5 Na5 6. Bb5+ c6 7. dxc6 bxc6 8.
Bd3 h6 9. Ne4 Nxe4 10. Bxe4 Qh4 11. Qf3 Bd7 12. O-O Bd6 13. Nc3 O-O 14. Qg3 Qe7
15. d3 f5 16. Bxh6 fxe4 17. Nxe4 Bc7 18. Bg5 Qf7 19. Qe3 Qg6 20. f4 Bb6 21. Nc5
Nb7 22. b4 a5 23. c3 axb4 24. cxb4 Ra4 25. a3 Ra5 26. d4 exd4 27. Qxd4 Nxc5 28.
bxa5 Ba7 29. Be7 Rf5 30. Rac1 Rd5 31. Qf2 Rd2 32. Qe3 Qxg2# 0-1

[Event "DSM WK M 2009"]
[Site "Karlsruhe GER"]
[Date "2009.05.17"]
[Round "6"]
[White "Schneckenburger, Johanna"]
[Black "Scherf, Anna-Maria"]
[Result "0-1"]
[Termination "normal"]
[Board "5.3"]
[WhiteElo "822"]
[BlackElo "800"]
[WhiteTeam "Max-Planck-Schule Kiel"]
[BlackTeam "Mariengymnasium Jever"]
[PlyCount "100"]
[EventCountry "GER"]
[EventRounds "7"]
[EventType "team-swiss"]
[EventDate "2009.05.15"]

1. e4 e5 2. Nf3 Nc6 3. Bc4 Nf6 4. d3 d6 5. h3 g6 6. Nc3 Bg7 7. Bg5 O-O 8. Nd5
Be6 9. Nxf6+ Bxf6 10. Bh6 Re8 11. Bb3 Nd4 12. Ba4 c6 13. Nxd4 exd4 14. c4 Qa5+
15. Bd2 Qb6 16. Rb1 Red8 17. Bb3 d5 18. O-O Qc7 19. Qe1 Qe5 20. Qe2 Be7 21. Qf3
Bd6 22. Bf4 Qxf4 23. Qxf4 Bxf4 24. g3 Be5 25. Kg2 f5 26. Rfe1 Bd6 27. Re2 Re8
28. e5 Bb4 29. a3 Ba5 30. Ba2 dxc4 31. dxc4 d3 32. Re3 d2 33. Rd1 Rad8 34. Kf1
g5 35. Ke2 f4 36. gxf4 gxf4 37. Re4 Rf8 38. Rg1+ Kh8 39. h4 h5 40. Bb1 Rg8 41.
Rf1 Bg4+ 42. f3 Bh3 43. Rh1 b5 44. Ba2 Rg2+ 45. Kd1 Be6 46. b3 Rd3 47. Bb1 Rxb3
48. Bc2 Rxa3 49. Bb1 Bxc4 50. Kc2 Be2 { und es folgte irregulär 51.Kxd2 Lxf3+
52.Kc1 Lxe4 etc.; im 58.Zug:} 0-1

[Event "DSM WK M 2009"]
[Site "Karlsruhe GER"]
[Date "2009.05.17"]
[Round "6"]
[White "Freesemann, Tanja"]
[Black "Lentz, Christine"]
[Result "1-0"]
[Termination "normal"]
[Board "5.4"]
[WhiteElo "800"]
[BlackElo "800"]
[WhiteTeam "Mariengymnasium Jever"]
[BlackTeam "Max-Planck-Schule Kiel"]
[PlyCount "47"]
[EventCountry "GER"]
[EventRounds "7"]
[EventType "team-swiss"]
[EventDate "2009.05.15"]

1. e4 e5 2. Nf3 Nc6 3. Bb5 Nf6 4. Nc3 Bb4 5. a3 Bxc3 6. dxc3 d6 7. Bg5 a6 8.
Ba4 h6 9. Bh4 O-O 10. b4 b5 11. Bb3 Bg4 12. h3 Bh5 13. Qd3 Qd7 14. O-O-O Rfb8
15. Qe3 Rb7 16. Bxf6 gxf6 17. Qxh6 Bxf3 18. gxf3 Ne7 19. Rhg1+ Ng6 20. Qxg6+
Kf8 21. Qg8+ Ke7 22. Qxf7+ Kd8 23. Rg8+ Qe8 24. Rxe8# 1-0

[Event "DSM WK M 2009"]
[Site "Karlsruhe GER"]
[Date "2009.05.17"]
[Round "6"]
[White "Steffens, Skrolan"]
[Black "Hillmer, Nicole"]
[Result "1-0"]
[Termination "normal"]
[Board "6.1"]
[WhiteElo "1195"]
[BlackElo "800"]
[WhiteTeam "Athenaeum Stade"]
[BlackTeam "Gymnasium Neureut"]
[PlyCount "55"]
[EventCountry "GER"]
[EventRounds "7"]
[EventType "team-swiss"]
[EventDate "2009.05.15"]

1. e4 e5 2. Nf3 Nc6 3. Bc4 Bc5 4. c3 Nf6 5. d4 exd4 6. cxd4 Bb4+ 7. Bd2 Nxe4 8.
Qe2 d5 9. Bb5 O-O 10. Bxc6 Bxd2+ 11. Nbxd2 Nxd2 12. Qxd2 bxc6 13. O-O h6 14.
Rfe1 Bg4 15. Ne5 Bd7 16. Rac1 Qf6 17. Nxd7 Qg6 18. Nxf8 Rxf8 19. Qa5 Qf6 20.
Qxa7 Qxd4 21. Qxd4 f6 22. Rxc6 Kh7 23. Rxc7 Kg8 24. Qxd5+ Kh7 25. Qf5+ Kh8 26.
Qg6 Rg8 27. Re8 Rxe8 28. Qxg7# 1-0